| 000 | 01360cab a2200241 4500 | ||
|---|---|---|---|
| 001 | ABS51696 | ||
| 008 | 090401t1994 xxu||||| |||| 00| 0 eng d | ||
| 035 | _a(Sirsi) u40336 | ||
| 041 | _aeng | ||
| 245 | _aCementation Piling and Foundations Ltd v Aegon Insurance Company Ltd and another | ||
| 260 | _c1994 | ||
| 350 | _a0 | ||
| 490 |
_aConstruction Law Journal _v(1994) 10 CLJ 301-311(11) |
||
| 520 | _aHC 12 November 1992. In 1983 C was engaged as subcontractor to Sir Alfred McAlpine and Son Ltd to carry out certain piling works and to construct diaphragm walls at the submarine base at Barrow-in-Furness. The diaphragm walls were constructed by excavating cavaties in the sand. By 1985 it was discovered there were gaps in the walls allowing sand to escape and thus required rectification. It was admitted that the cause was due to design, materials or workmanship. A dispute arose as to whether costs of repair fell under the policy issued by the second defendant, Commercial Union, or that of the first, A. Held that the CU were liable to pay the costs. | ||
| 650 | _aCEMENTATION PILING & FOUNDATIONS LTD V AEGON INSURANCE | ||
| 650 | _aDIAPHRAGM WALLS | ||
| 650 | _aPILING | ||
| 650 | _aSIR ALFRED MCALPINE AND SONS LTD | ||
| 650 | _aSUBMARINE BASES | ||
| 690 | _aBUILDING AND CONSTRUCTION-CASE LAW | ||
| 942 | _n0 | ||
| 948 | _c04/03/1997 | ||
| 999 |
_c25843 _d25843 |
||